| 000 | 00484nam a2200181Ia 4500 | ||
|---|---|---|---|
| 008 | 090124s9999 xx 000 0 und d | ||
| 082 | _b1515 | ||
| 100 | _aBROWNRIGG DOUGLAS | ||
| 245 | _aINDISCRETIONS OF THE NAVAL CENSOR | ||
| 250 | _a0 | ||
| 260 |
_bCASSELL & CO. LTD. _c1920 |
||
| 300 | _a280 | ||
| 600 | _aBROWNRIGG DOUGLAS | ||
| 630 | _aINDISCRETIONS OF THE NAVAL CENSOR | ||
| 700 | _aBROWNRIGG DOUGLAS | ||
| 730 | _aINDISCRETIONS OF THE NAVAL CENSOR | ||
| 942 | _cBOOK | ||
| 999 |
_c82039 _d82039 |
||